01479nam a2200193 a 450000100100000000500170001000800410002704000250006808200150009311101140010824501080022226000550033030000200038550000740040550506300047970000460110995201130115599900170126800004544220201002052243.0150325s1994 dr 000 0 spa d aDO-SdBNPbspacBNPHU axxxxbxxxx1 aSeminario Internacional Violencia Doméstica, Salud y Legislaciond(1993 : 18 de nov.cSanto Domingo)97349410aViolencia contra la mujer a través de múltiples miradas /ccompilación Gisela Quiterio Benítez. aSanto Domingo :bCentro de Apoyo Aquelarre,c1994. a64 p. ;c21 cm. aIncluye referencias bibliográficas y notas al pie de las páginas.0 a1a. pt. Ponencias seminario "violencia doméstica, salud y legislación --tApuntes para un debate interdisciplinario /rDinnis LucianotLa violencia en los servicios de salud: la epidemia invisiblerMaritza Romero /tAutoestima y violencia --rMargot Tapia /tMarco conceptual de la ley de la violencia doméstica en Puerto Rico --rEsther Vicente /tLa violencia conyugal frente a la administración de la justicia --rGiselle Molina --t2a. pt. Aspectos teóricos-metodológicos sobre violencia.tSentir pensar y enfrentar la violencia /rSaul Franco --tViolencia oculta: La depresión en la mujer /rMay Brenes --12aQuiterio Benítez, Gisela,ecomp.953428 0010718PDaPDbPDcCTd2015-03-25iLF1l0oxxxx xxxxp45442-10r2020-06-25w2020-06-25yLFPDZNo se presta c44931d44931